000 00694nas a2200241 4500
001 BR8902413
003 BR-BrBNA
005 20231205091538.0
007 ta
008 230509b bl.|||p| |||| 00| 00por d
040 _aBR-BrBNA
_bpor
_cBiblioteca Nacional de Agricultura
041 _a(Pt)
072 _aF61
100 1 _aMoraes, G.
245 1 _aEstudo da atividade de fosfatase acida em Chlorella vulgaris
650 _aALGA
650 _aPLANTA AQUATICA
650 _aFOSFATASE ACIDA
650 _aFOSFORO
773 0 _tCiencia e Cultura (Brazil)
_xISSN 0009-67225
_g(Jun 1988), v. 40(6) p. 584-585
_wBR8902413
909 _a202311
_bLúcia
_c55
_dLúcia Elande
942 _2AGRIS
_n0
_cANA
999 _c125773
_d125773